Študijný program detašované pracovisko v Banskej Bystrici

Saved in:
Bibliographic Details
Format: Book
Language:Slovak
Published: Bratislava Rektorát VŠE 1975
Tags: Add Tag
No Tags, Be the first to tag this record!

MARC

LEADER 00000nam a2200000 4500
001 c121491
005 20181211100843.4
041 0 |a slo 
044 |a SK 
245 1 0 |a Študijný program  |b detašované pracovisko v Banskej Bystrici 
264 1 |a Bratislava  |b Rektorát VŠE  |c 1975 
300 |a 74 s.